000 00505nam a2200205 a 4500
001 BRCA_3578
005 20190320204335.0
008 050809s1926----mx-#---###---#000-0#spa-#
041 _aspa
044 _amx
050 4 _aPQ7297
_b.E88 1926
100 1 _aEstrada, Genaro
_d1887-1937
_97738
245 1 0 _aPero Galin
_cGenaro Estrada.
260 _aMéxico
_bCultura
_c1926
300 _a173 p.
_c21 cm.
500 _aB246
651 4 _aMéxico
_vNovela
_xHistoria
_99287
902 _aGFM
942 _2lcc
_cB
999 _c3313
_d3313